La Casa Provincial de Maternidad persevera en su ingente labor
Descripción Física:
Il·lustracions
Colección:
San Jorge,
; núm. 10 (abril 1953), pàg 65-66
Idioma:
Español
MARC
| LEADER | 00000naa a2200000 a 4500 | ||
|---|---|---|---|
| 003 | Arxiu | ||
| 005 | 20260324181044.0 | ||
| 008 | 160829s1953 spcaxx s spa c | ||
| 040 | |a agdb | ||
| 245 | 0 | 3 | |a La Casa Provincial de Maternidad persevera en su ingente labor |
| 300 | |b Il·lustracions | ||
| 490 | |a San Jorge, |v núm. 10 (abril 1953), pàg 65-66 | ||
| 610 | 2 | 0 | |a Casa de Maternitat i Expòsits de Barcelona |9 52670 |
| 773 | |g Núm. 10 (abril 1953), pàg 65-66 |t San Jorge. | ||
| 901 | |a Arxiu | ||
| 942 | |n 1 |2 udc |c ART | ||
| 952 | |0 0 |1 0 |4 0 |6 REV508 |7 1 |9 64369 |a Arxiu |b Arxiu |d 2022-11-25 |o Rev-508 |r 2022-11-25 00:00:00 |w 2022-11-25 |y ARXIU |z També disponible a Rev-522 | ||
| 999 | |c 50067 |d 50067 | ||